000 00419nam a2200181Ia 4500
005 20250423095011.0
008 250422s9999 xx 000 0 und d
020 _a9780390111
050 _aPR 9387.9 .N86 .D43/
100 _aNwoye, May-Ifeoma
245 0 _aDeath by instalments
260 _aIbadan
260 _bKraft Books Limited
260 _c2006
300 _a72 p
650 _aLiterature
942 _cBK
999 _c28935
_d28935